000
00208 a2200109 4500
020
_a
9780399242076
041
_a
eng
100
_a
Eric Carle
245
_a
Very Hungry Caterillar
942
_c
BK
952
_7
1
999
_c
22774
_d
22774